| 000 | 00981nam a22002417a 4500 | ||
|---|---|---|---|
| 001 | 5008 | ||
| 003 | FISKH | ||
| 005 | 20241031124805.0 | ||
| 008 | 241031b cb ||||| |||| 00| 0 eng d | ||
| 020 | _a9781558748804 | ||
| 040 |
_aFISKH _beng _cFISKH _dFISKH |
||
| 050 | _aLB1139.M67 | ||
| 082 | _a372.01 | ||
| 100 | _aTillman, Diane | ||
| 245 |
_a Living values activities for children ages 8-14 / _cby Diane Tillman with Activities from Educators Around the World |
||
| 260 |
_aFlorida : _bHealth Communicatins, Inc ; _c2000 . |
||
| 300 |
_a313 pages : _billustrations ; _c23 cm . |
||
| 520 | _aSuitable for children aged 8-14, this work offers goals, objectives and detailed lesson plans that explore twelve key units: Peace, Respect, Love, Tolerance, Honesty, Humility, Cooperation, Happiness, Responsibility, Simplicity, Unity and Freedom. | ||
| 650 |
_acharacter education _vnon-fiction |
||
| 700 |
_aLiddle, Ruth _eillustrator |
||
| 942 |
_2ddc _cBK _n0 |
||
| 999 |
_c5008 _d5008 |
||